Statistiques concernant Carte d'Amérique pixelisée

Cliquez ici pour prendre le quiz!

Statistiques générales

  • Ce quiz a été pris 3 572 fois
  • Le résultat moyen est 153 sur 156

Réponses sur la Carte

Les réponses sont colorées sur une échelle allant du rouge au vert en fonction du pourcentage des utilisateurs qui les ont devinées à leur premier essai. Vous pouvez retrouver ces pourcentages ci-dessous.
Chargement ...
 

Statistiques - réponses

Pays% Correct
Canada
100%
Brésil
99%
Mexique
99%
Etats-Unis
99%
Argentine
98%
Chili
95%
Uruguay
94%
Pérou
94%
Colombie
94%
Paraguay
92%
Bolivie
91%
Venezuela
91%
Suriname
83%
Honduras
76%

Distribution des résultats

Percentile par nombre de réponses

% des personnes avec chaque résultat

Votre développement - résultats

Vous n’avez pas pris ce quiz